Paramarthasara/ (Record no. 33455)

000 -LEADER
fixed length control field 00343nam a22001451a 4500
020 ## - INTERNATIONAL STANDARD BOOK NUMBER
ISBN 9788120823341
082 ## - DEWEY DECIMAL CLASSIFICATION NUMBER
Classification number S 294.5
Item number ABH/P
100 ## - MAIN ENTRY--AUTHOR NAME
Personal name Abhinavagupta
245 ## - TITLE STATEMENT
Title Paramarthasara/
Statement of responsibility, etc by Abhinavagupta
260 ## - PUBLICATION, DISTRIBUTION, ETC. (IMPRINT)
Place of publication New Delhi:
Name of publisher Motilal Banarsidass,
Year of publication 2005.
300 ## - PHYSICAL DESCRIPTION
Number of Pages 130p.
650 ## - SUBJECT ADDED ENTRY--TOPICAL TERM
Topical Term Hinduism
650 ## - SUBJECT ADDED ENTRY--TOPICAL TERM
Topical Term Religion
942 ## - ADDED ENTRY ELEMENTS (KOHA)
Koha item type Book
Holdings
Withdrawn status Lost status Damaged status Not for loan Permanent Location Current Location Date acquired Cost, normal purchase price Full call number Accession Number Cost, replacement price Price effective from Koha item type
        Sree Sankaracharya University of Sanskrit Sree Sankaracharya University of Sanskrit 08.01.2015 80.00 S 294.5 ABH/P 052747 0.00 08.01.2015 Book